| 000 | 00689nam a22002057a 4500 | ||
|---|---|---|---|
| 999 |
_c19715 _d19715 |
||
| 003 | AR-CdUCM | ||
| 008 | 190220b ||||| |||| 00| 0 spa d | ||
| 040 |
_aMUNICIPALIDAD PROVINCIAL DEL CUSCO _cBIBLIOTECA MUNICIPAL DEL CUSCO |
||
| 082 |
_a869.56 / _bB88 |
||
| 100 |
_aBuendia, Felipe _92657 |
||
| 245 | _aLa setima sección / | ||
| 260 |
_aLima : _bOswaldo Bravo Durango, _c1963. |
||
| 300 |
_a147 páginas ; _c24 cm. |
||
| 440 |
_aColección la perla _941234 |
||
| 505 | _aContenido : El presidente Leguía --- La tía constanza -- El barco de mi tío Pedro... | ||
| 650 |
_aNovelas de costumbres _9168 |
||
| 650 |
_aLiteratura peruana _9169 |
||
| 942 |
_2ddc _cLIBROS |
||
| 945 | _arcc | ||